L'environnement : Concepts, enjeux et territoires (notice n° 2106508)

détails MARC
000 -LEADER
fixed length control field 01453cam a2200169 4500500
005 - DATE AND TIME OF LATEST TRANSACTION
control field 20260405013602.0
041 ## - LANGUAGE CODE
Language code of text/sound track or separate title fre
042 ## - AUTHENTICATION CODE
Authentication code dc
100 10 - MAIN ENTRY--PERSONAL NAME
Personal name Veyret, Yvette
Relator term author
245 00 - TITLE STATEMENT
Title L'environnement : Concepts, enjeux et territoires
260 ## - PUBLICATION, DISTRIBUTION, ETC.
Name of publisher, distributor, etc. Armand Colin,<br/>
Date of publication, distribution, etc. 2024.<br/>
520 ## - SUMMARY, ETC.
Summary, etc. L’environnement ne désigne pas la seule nature, et n’est pas non plus synonyme de géographie physique ou d’écologie mais englobe l’ensemble des relations d’interdépendances entre l’homme, les sociétés et les composantes physiques de la nature.Cet ouvrage présente la manière dont la géographie traite de l’environnement: quelles sont les relations entre le système naturel et les sociétés&amp;#8239;? Comment évaluer les risques, les nuisances, les ressources et les patrimoines, par définition aux interfaces de la nature et de la société&amp;#8239;? Comment gérer l’environnement au travers de choix d’aménagement&amp;#8239;?Qui sont les acteurs en présence&amp;#8239;? Quelle action publique est envisageable entre ces différents partenaires&amp;#8239;?Un large panorama sur une notion centrale en géographie, assorti de nombreux exemples et d’études de cas localisées.
700 10 - ADDED ENTRY--PERSONAL NAME
Personal name Laganier, Richard
Relator term author
700 10 - ADDED ENTRY--PERSONAL NAME
Personal name Scarwell, Helga-Jane
Relator term author
700 10 - ADDED ENTRY--PERSONAL NAME
Personal name Miossec, Alain
Relator term author
856 41 - ELECTRONIC LOCATION AND ACCESS
Uniform Resource Identifier <a href="https://shs.cairn.info/l-environnement-2e-ed--9782200639037?lang=fr&redirect-ssocas=7080">https://shs.cairn.info/l-environnement-2e-ed--9782200639037?lang=fr&redirect-ssocas=7080</a>

Pas d'exemplaire disponible.

PLUDOC

PLUDOC est la plateforme unique et centralisée de gestion des bibliothèques physiques et numériques de Guinée administré par le CEDUST. Elle est la plus grande base de données de ressources documentaires pour les Étudiants, Enseignants chercheurs et Chercheurs de Guinée.

Adresse

627 919 101/664 919 101

25 boulevard du commerce
Kaloum, Conakry, Guinée

Réseaux sociaux

Powered by Netsen Group @ 2025